000 00734cam a22002413a 4500
001 20379
003 PGUSA
005 20140828083430.0
008 070115s2007||||xxu|||||s|||||000 | eng d
040 _aPGUSA
_beng
042 _adc
050 4 _aHV
100 1 _aMüller, George,
_d1805-1898
245 1 2 _aA Narrative of Some of the Lord's Dealings with George Müller :
_bWritten by Himself, First Part
_h[electronic resource] /
_cGeorge Müller
260 _bProject Gutenberg,
_c2007
506 _aPublic domain in the USA.
516 _aElectronic text
653 _aPrayer
653 _aOrphanages -- Great Britain
830 0 _aProject Gutenberg
_v20379
856 4 0 _uhttp://www.gutenberg.org/ebooks/20379
942 _cEB
999 _c249634
_d249634